Argentina: Flags of the Provinces - Statistics

General Stats
  • This quiz has been taken 91 times
  • The average score is 15 of 25
Answer Stats
Picture Answer % Correct
Buenos Aires
83%
Santa Fe
76%
Tierra del Fuego, Antarctica and South Atlantic Islands
76%
Autonomous City of Buenos Aires
71%
Córdoba
69%
Río Negro
69%
Salta
69%
Santa Cruz
69%
Chubut
67%
Entre Ríos
67%
Mendoza
64%
Misiones
62%
Catamarca
60%
Chaco
60%
Corrientes
60%
Tucumán
60%
Formosa
57%
Jujuy
57%
La Rioja
57%
Santiago del Estero
57%
San Luis
55%
La Pampa
48%
Neuquén
48%
San Juan (Obverse)
45%
San Juan (Reverse)
33%
No matching quizzes found
Score Distribution
Percent of People with Each Score
Percentile by Number Answered
Your Score History
You have not taken this quiz